| 000 | 00401nam a2200169Ia 4500 | ||
|---|---|---|---|
| 003 | GCL | ||
| 008 | 140319s9999 xx 000 0 eng d | ||
| 040 |
_aGCL / _cGCL |
||
| 082 | 0 | 4 |
_aCH _b796.34 _bD.T |
| 100 | 1 | _aDAWSON, LINDA | |
| 245 | 1 | 0 |
_aTENNIS / _cDAWSON, LINDA |
| 260 |
_a[S.N] : _bLIBRAIRIE DU LIBAN ، _c1990 |
||
| 300 | _a48 | ||
| 650 | 0 | 4 | _aSPORTS |
| 650 | 0 | 4 | _aCHILDREN |
| 942 |
_2ddc _cBK |
||
| 999 |
_c17315 _d17315 |
||